<?xml version="1.0" encoding="UTF-8"?>
<record
    xmlns:xsi="http://www.w3.org/2001/XMLSchema-instance"
    xsi:schemaLocation="http://www.loc.gov/MARC21/slim http://www.loc.gov/standards/marcxml/schema/MARC21slim.xsd"
    xmlns="http://www.loc.gov/MARC21/slim">

  <leader>00329nam a2200133Ia 4500</leader>
  <datafield tag="999" ind1=" " ind2=" ">
    <subfield code="c">7780</subfield>
    <subfield code="d">7780</subfield>
  </datafield>
  <controlfield tag="008">191201s2012    xx            000 0 und d</controlfield>
  <datafield tag="020" ind1=" " ind2=" ">
    <subfield code="a">9788131761410</subfield>
  </datafield>
  <datafield tag="100" ind1=" " ind2=" ">
    <subfield code="a">HOFFER,Jeffroy A</subfield>
  </datafield>
  <datafield tag="245" ind1=" " ind2="0">
    <subfield code="a">Modern Systems Analysis and Design</subfield>
  </datafield>
  <datafield tag="250" ind1=" " ind2=" ">
    <subfield code="a">IMP 1st</subfield>
  </datafield>
  <datafield tag="260" ind1=" " ind2=" ">
    <subfield code="c">2012</subfield>
    <subfield code="b">pearson</subfield>
    <subfield code="a">NEW DELHI</subfield>
  </datafield>
  <datafield tag="300" ind1=" " ind2=" ">
    <subfield code="a">544</subfield>
  </datafield>
  <datafield tag="942" ind1=" " ind2=" ">
    <subfield code="2">ddc</subfield>
    <subfield code="c">BK</subfield>
  </datafield>
  <datafield tag="952" ind1=" " ind2=" ">
    <subfield code="0">0</subfield>
    <subfield code="1">0</subfield>
    <subfield code="2">ddc</subfield>
    <subfield code="4">0</subfield>
    <subfield code="7">0</subfield>
    <subfield code="8">BCA</subfield>
    <subfield code="a">PIET</subfield>
    <subfield code="b">PIET</subfield>
    <subfield code="d">2012-03-07</subfield>
    <subfield code="e">IBH, New Delhi</subfield>
    <subfield code="g">475.00</subfield>
    <subfield code="k">4863</subfield>
    <subfield code="l">0</subfield>
    <subfield code="o">004.21 HOM</subfield>
    <subfield code="p">BC129</subfield>
    <subfield code="r">2019-12-04 00:00:00</subfield>
    <subfield code="v">305.52</subfield>
    <subfield code="w">2012-03-07</subfield>
    <subfield code="y">BK</subfield>
  </datafield>
  <datafield tag="952" ind1=" " ind2=" ">
    <subfield code="0">0</subfield>
    <subfield code="1">0</subfield>
    <subfield code="2">ddc</subfield>
    <subfield code="4">0</subfield>
    <subfield code="7">0</subfield>
    <subfield code="8">BCA</subfield>
    <subfield code="a">PIET</subfield>
    <subfield code="b">PIET</subfield>
    <subfield code="d">2012-03-07</subfield>
    <subfield code="e">IBH, New Delhi</subfield>
    <subfield code="g">475.00</subfield>
    <subfield code="k">4863</subfield>
    <subfield code="l">0</subfield>
    <subfield code="o">004.21 HOM</subfield>
    <subfield code="p">BC130</subfield>
    <subfield code="r">2019-12-04 00:00:00</subfield>
    <subfield code="v">305.52</subfield>
    <subfield code="w">2012-03-07</subfield>
    <subfield code="y">BK</subfield>
  </datafield>
  <datafield tag="952" ind1=" " ind2=" ">
    <subfield code="0">0</subfield>
    <subfield code="1">0</subfield>
    <subfield code="2">ddc</subfield>
    <subfield code="4">0</subfield>
    <subfield code="7">0</subfield>
    <subfield code="8">BCA</subfield>
    <subfield code="a">PIET</subfield>
    <subfield code="b">PIET</subfield>
    <subfield code="d">2012-03-07</subfield>
    <subfield code="e">IBH, New Delhi</subfield>
    <subfield code="g">475.00</subfield>
    <subfield code="k">4863</subfield>
    <subfield code="l">0</subfield>
    <subfield code="o">004.21 HOM</subfield>
    <subfield code="p">BC131</subfield>
    <subfield code="r">2019-12-04 00:00:00</subfield>
    <subfield code="v">305.52</subfield>
    <subfield code="w">2012-03-07</subfield>
    <subfield code="y">BK</subfield>
  </datafield>
</record>
